000 00311nam a2200121Ia 4500
008 220204s9999 xx 000 0 und d
082 _a541.1:014.3
_bBUC
245 0 _aIndex volume
260 _aLondon
_bButterworths
_c1973
490 _aPhysical chemsitry, series one
700 _aBuckingham, A D
942 _cBK
999 _c26051
_d26051